LEADER 02082cam0-22006971i-450 001 990000775630403321 005 20211117125033.0 010 $a88-7750-075-1$bv. 4 010 $a88-7750-097-2$bv. 1 010 $a88-7750-074-3$bv. 5 010 $a88-7750-091-3$bv. 2 010 $a88-7750-076-X$bv. 3 035 $a000077563 035 $aFED01000077563 035 $a(Aleph)000077563FED01 100 $a20020821d1990----km-y0itay50------ba 101 0 $aita 102 $aIT 105 $ay-------001yy 200 1 $aPiccola storia dell'urbanistica$fMario Coppa 210 $aTorino$cUTET-libreria$d1990 215 $a5 v.$d21 cm 327 1 $a1.: Abitazioni e habitat$a2.: Paesaggio e ambiente$a3.: Sviluppi urbani$a4.: Edifici pubblici e servizi$a5.: Economia e società 610 0 $aHabitat 610 0 $aAbitazione 610 0 $aStoria 610 0 $aUrbanistica 610 0 $aEconomia 610 0 $aSocietà 610 0 $aLandscape 610 0 $aAmbiente 610 0 $aPaesaggio 610 0 $aEdifici pubblici 610 0 $aUrbanistica$aStoria 610 0 $aStoria dell'urbanistica 676 $a711.09 700 1$aCoppa,$bMario$02230 801 0$aIT$bUNINA$gRICA$2UNIMARC 901 $aBK 912 $a990000775630403321 952 $aURB.LE B 698(1)$bINV.3232$fFARBC 952 $aURB.LE B 741(1)$bINV.2553$fFARBC 952 $aURB.LE B 698(5)$bINV.3398$fFARBC 952 $a01 B1 V 19$b01674$fDINST 952 $aURB.LE B 698(2)$bINV.2415$fFARBC 952 $a01 COLL 1-5$fDINST 952 $a01 B2 I 9.$b02350$fDINST 952 $aURB.LE B 698(4)$bINV.3114$fFARBC 952 $a01 B1 V 18$b01675$fDINST 952 $a01 D III 19$b02351$fDINST 952 $a01 A1 IV 28$b01554$fDINST 952 $aURB.LE B 1705/3$b9507$fFARBC 952 $a21 A 21 16$b1047/b264$fDINPU 952 $aC 1287 (3) CAN$b436$fDARPU 952 $aC 1287 (5) CAN$b435$fDARPU 959 $aDARPU 959 $aFARBC 959 $aDINPU 959 $aDINST 996 $aPiccola storia dell'urbanistica$9349910 997 $aUNINA LEADER 01446oam 2200373Ka 450 001 9910692108703321 005 20040207120146.0 035 $a(CKB)5470000002352352 035 $a(OCoLC)54367045 035 9 $aocm54367045 035 $a(OCoLC)995470000002352352 035 $a(EXLCZ)995470000002352352 100 $a20040206d1994 ua 0 101 0 $aeng 181 $ctxt$2rdacontent 182 $cc$2rdamedia 183 $acr$2rdacarrier 200 13$aAn evaluation of the Federal Reserve Bank of Boston's study of racial discrimination in mortgage lending$b[electronic resource] /$fDennis Glennon and Mitchell Stengel 210 1$a[Washington, D.C.] :$cOffice of the Comptroller of the Currency,$d[1994] 225 1 $aEconomic & policy analysis working paper ;$v94-2 300 $aTitle from title screen (viewed on Jan. 30, 2004). 300 $a"April 1994." 320 $aIncludes bibliographical references. 606 $aDiscrimination in mortgage loans$zUnited States 615 0$aDiscrimination in mortgage loans 700 $aGlennon$b Dennis C.$f1953-$01380724 701 $aStengel$b Mitchell$01380725 712 02$aUnited States.$bOffice of the Comptroller of the Currency. 801 0$bGPO 801 1$bGPO 906 $aBOOK 912 $a9910692108703321 996 $aAn evaluation of the Federal Reserve Bank of Boston's study of racial discrimination in mortgage lending$93422736 997 $aUNINA